000 00752nam a22002057a 4500
999 _c20434
_d20434
003 AR-CdUCM
008 190530b ||||| |||| 00| 0 spa d
040 _aMUNICIPALIDAD PROVINCIAL DEL CUSCO
_cBIBLIOTECA MUNICIPAL DEL CUSCO
082 _a373.31 /
_bE25
100 _aCaballero, Angelina Edreira de
_942731
245 _aMetodología de los estudios sociales /
260 _aLa Habana :
_bCultural,
300 _a246 páginas ;
_c23 cm.
505 _aContenido: Ciencias sociales estudios sociales -- El curriculum de estudios sociales -- Los métodos en los estudios sociales...
650 _aCiencias sociales
_91096
650 _aMetodología
_92264
650 _aEstudios sociales
_942732
942 _2ddc
_cLIBROS
945 _adavv
_d2019-05-30